Aktuálny vývoj medzinárodného energetického trhu a vyplývajúce výzvy pre konkurencieschopnosť EÚ

Teoretické vymedzenie vzťahu medzi energetickou bezpečnosťou a konkurencieschopnosťou domácej ekonomiky. Aplikácia tohto predpokladu na kľúčové energetické výzvy, ktoré pramenia z vývoja medzinárodného energetického trhu pre ekonomiku EÚ. Autor sa opiera o analýzu intenzívneho využívania bridlicovéh...

Ausführliche Beschreibung

Gespeichert in:
Bibliographische Detailangaben
1. Verfasser: Zábojník, Stanislav, 1984-
Format: Buchkapitel
Sprache:Slowakisch
Schlagworte:
Tags: Tag hinzufügen
Keine Tags, Fügen Sie das erste Tag hinzu!

MARC

LEADER 00000naa$a2200000$$$4500
001 0183026
005 20240502073129.6
041 0 |a slo 
044 |a SK 
245 1 0 |a Aktuálny vývoj medzinárodného energetického trhu a vyplývajúce výzvy pre konkurencieschopnosť EÚ  |c Stanislav Zábojník 
520 |a Teoretické vymedzenie vzťahu medzi energetickou bezpečnosťou a konkurencieschopnosťou domácej ekonomiky. Aplikácia tohto predpokladu na kľúčové energetické výzvy, ktoré pramenia z vývoja medzinárodného energetického trhu pre ekonomiku EÚ. Autor sa opiera o analýzu intenzívneho využívania bridlicového plynu ako značnej komparatívnej výhody amerických firiem v súčasnosti a potenciál využiť tento zdroj aj v prostredí EÚ. 
610 2 0 |a trh energetický 
610 2 0 |a bezpečnosť energetická 
610 2 0 |a Európska únia 
610 2 0 |a konkurencieschopnosť 
100 1 |a Zábojník, Stanislav, 1984-